| 000 | 00451cam a2200181ua 4500 | ||
|---|---|---|---|
| 020 | _c2.50 | ||
| 041 |
_ahin _h |
||
| 082 |
_a891.54 _bMAH/GA |
||
| 100 | _aMahabir Prasad, Agarwal . | ||
| 245 |
_aGadya kusum / _cMahabir Prasad Agarwal. _hTextual Documents |
||
| 250 |
_a4 / _b. |
||
| 260 |
_aAllahabad : _bRamnarayanlal beniprasad , _c1966. |
||
| 300 | _a143 ; . | ||
| 365 | _a2.50 | ||
| 504 | _a | ||
| 942 | _cBK | ||
| 999 |
_c11862 _d11862 |
||